| 000 | 00634nam a22002057a 4500 | ||
|---|---|---|---|
| 005 | 20210615101612.0 | ||
| 008 | 210615b sp ||||| |||| 00| 0 spa d | ||
| 020 | _a8476001835 | ||
| 050 | 0 | 4 |
_aKKT4678 _bJ34 1987 |
| 100 | 1 | _aJaén Vallejo, Manuel | |
| 245 | 1 | 3 |
_aLa presunción de inocencia en la jurisprudencia constitucional _c/ Manuel Jaén Vallejo |
| 250 | _a1a ed. | ||
| 260 |
_aMadrid : _bAkal, _c1987 |
||
| 300 |
_a111 p. ; _c17 cm. |
||
| 490 | 0 | _aIure /Omnia | |
| 504 | _aIncluye bibliografía | ||
| 650 | 7 |
_2lemb _aPresunción (Derecho) _zEspaña |
|
| 650 | 7 |
_2lemb _aProcedimiento penal _zEspaña |
|
| 942 |
_2lcc _cLIB |
||
| 999 |
_c156151 _d156149 |
||